| 000 | 00686nam a2200229 a 4500 | ||
|---|---|---|---|
| 005 | 20240925070026.0 | ||
| 008 | 020410s1996 mx r 000 0 spa d | ||
| 020 | _a9706540148 | ||
| 035 | _aUPN01000116862 | ||
| 049 | _aCG | ||
| 050 | 4 |
_aHD108.6 _bT4.4 |
|
| 100 | 1 | _aTerrazas Revilla, Oscar | |
| 245 | 1 | 4 |
_aLas mercancias inmobiliarias / _cOscar Terrazas Revilla. |
| 260 |
_aMéxico : _bUAM-Azcapotzalco, _c1996. |
||
| 300 |
_a67 p. : _bil. |
||
| 440 | 0 | _aColección de estudios urbanos | |
| 650 | 4 |
_aBIENES RAICES - _xCOMPRA, VENTA, ETC. _93942 |
|
| 650 | 4 |
_aTIERRAS - _xFRACCIONAMIENTO |
|
| 650 | 4 |
_aUrbanismo _91148 |
|
| 650 | 4 |
_aPlanificación regional _91110 |
|
| 905 | _aLibro | ||
| 999 |
_c89504 _d89504 |
||